[Event "XVI. DBMM Schach"]
[Site "Dresden"]
[Date "2016.11.05"]
[Round "6.3"]
[White "Schroeder, Kai Uwe"]
[Black "Lindemann, Thomas"]
[Result "1/2-1/2"]
[WhiteElo "1858"]
[BlackElo "1536"]
[Annotator "br"]
[PlyCount "105"]
[EventDate "2016.11.??"]
[SourceTitle "XVI. DBMM 2016"]
[Source "FV Schach e.V."]
[SourceDate "2017.06.14"]
[SourceVersion "1"]
[SourceVersionDate "2017.06.14"]
[SourceQuality "1"]
[WhiteTeam "Transit Hamburg II"]
[BlackTeam "Baubehörde Hamburg II"]
[WhiteTeamCountry "GER"]
[BlackTeamCountry "GER"]

1. e4 Nc6 2. Nf3 d6 3. Nc3 e5 4. Bb5 Bd7 5. d4 exd4 6. Nxd4 Nxd4 7. Bxd7+ Qxd7
8. Qxd4 Ne7 9. Be3 Nc6 10. Qa4 Be7 11. Nd5 a6 12. O-O-O b5 13. Qb3 Bd8 14. f3
O-O 15. Qc3 a5 16. h4 Nb4 17. Kb1 Nxd5 18. Rxd5 b4 19. Qd3 Be7 20. Bg5 f6 21.
Be3 Rfb8 22. g4 a4 23. g5 b3 24. cxb3 axb3 25. a3 Rb7 26. gxf6 Bxf6 27. e5 Be7
28. h5 Qe6 29. f4 c6 30. Rd4 d5 31. Bd2 Bc5 32. f5 Qxe5 33. Rg4 Bxa3 34. Bc3
Qb8 35. Qd4 Bf8 36. Rhg1 Qa7 37. Qxa7 Rbxa7 38. Kc1 Ra1+ 39. Kd2 Rxg1 40. Rxg1
Rd8 41. f6 Rd7 42. fxg7 Bc5 43. Rg5 Re7 44. Rf5 Be3+ 45. Kd3 d4 46. Bb4 Rf7 47.
Rxf7 Kxf7 48. Bf8 h6 49. Kc4 Kg8 50. Kxb3 d3 51. Kc3 d2 52. Kc2 Bg5 53. b3
1/2-1/2

[Event "XVI. DBMM Schach"]
[Site "Dresden"]
[Date "2016.11.05"]
[Round "6.1"]
[White "Koerlin, Hans Juergen"]
[Black "Baudrexel, Peter"]
[Result "1-0"]
[WhiteElo "1855"]
[BlackElo "1836"]
[Annotator "br"]
[PlyCount "109"]
[EventDate "2016.11.??"]
[SourceTitle "XVI. DBMM 2016"]
[Source "FV Schach e.V."]
[SourceDate "2017.06.14"]
[SourceVersion "1"]
[SourceVersionDate "2017.06.14"]
[SourceQuality "1"]
[WhiteTeam "BA Tempelhof Berlin II"]
[BlackTeam "ADAC Muenchen II"]
[WhiteTeamCountry "GER"]
[BlackTeamCountry "GER"]

1. e4 e6 2. d4 d5 3. Nd2 Nf6 4. e5 Nfd7 5. f4 c5 6. c3 Nc6 7. Ndf3 a5 8. Bd3 a4
9. Ne2 Qa5 10. O-O g6 11. Bd2 Qb6 12. Qb1 Bg7 13. Kh1 O-O 14. g4 a3 15. b3 f6
16. Bxg6 hxg6 17. Qxg6 Ne7 18. Qh5 Qd8 19. g5 fxe5 20. fxe5 Qe8 21. Qh3 Qg6 22.
Nf4 Rxf4 23. Bxf4 Nf5 24. Rae1 b6 25. Qg4 Ba6 26. Rg1 Kf7 27. h4 Rh8 28. Rg2
Bd3 29. Rh2 Qh5 30. Qxh5+ Rxh5 31. Kg2 Nf8 32. Bg3 Be4 33. Kf2 Ng6 34. Nd2 Bd3
35. Kf3 Nge7 36. Kg4 Rh8 37. h5 cxd4 38. g6+ Ke8 39. cxd4 Nxd4 40. Bf4 Nxg6 41.
hxg6 Bf5+ 42. Kg5 Rxh2 43. Bxh2 b5 44. Bg1 Nc6 45. Rc1 Kd7 46. Nf3 Be4 47. Rf1
Nb4 48. Bc5 Nxa2 49. Bxa3 b4 50. Bb2 Nc3 51. Ra1 Bxf3 52. Ra7+ Ke8 53. Rxg7 d4
54. Rc7 Ne4+ 55. Kf4 1-0

[Event "XVI. DBMM Schach"]
[Site "Dresden"]
[Date "2016.11.05"]
[Round "6.2"]
[White "Obermeier, Karlheinz"]
[Black "Schmidt, Joerg"]
[Result "0-1"]
[WhiteElo "1525"]
[BlackElo "1736"]
[Annotator "br"]
[PlyCount "124"]
[EventDate "2016.11.??"]
[SourceTitle "XVI. DBMM 2016"]
[Source "FV Schach e.V."]
[SourceDate "2017.06.14"]
[SourceVersion "1"]
[SourceVersionDate "2017.06.14"]
[SourceQuality "1"]
[WhiteTeam "ADAC Muenchen II"]
[BlackTeam "BA Tempelhof Berlin II"]
[WhiteTeamCountry "GER"]
[BlackTeamCountry "GER"]

1. e4 c5 2. Nf3 e6 3. Nc3 Nc6 4. d4 cxd4 5. Nxd4 a6 6. Bc4 Bc5 7. Nxc6 bxc6 8.
O-O d5 9. exd5 cxd5 10. Be2 Ne7 11. Bg5 O-O 12. Bf3 f6 13. Bf4 Bb7 14. Na4 Ba7
15. Bd2 Nc6 16. Qe1 Qd6 17. c3 Ne5 18. Be2 Qc6 19. Qd1 d4 20. Bf3 Nxf3+ 21.
gxf3 Qxf3 22. Qxf3 Bxf3 23. cxd4 Bxd4 24. Bc3 Rfd8 25. Rfe1 Kf7 26. Rac1 Ra7
27. h3 e5 28. b4 Rd5 29. a3 Bxc3 30. Rxc3 e4 31. Nc5 Rg5+ 32. Kf1 f5 33. Ree3
Bg2+ 34. Ke1 Rg6 35. Re2 Bf3 36. Ree3 Rg1+ 37. Kd2 Bh5 38. Rc2 Rd1+ 39. Kc3 Kf6
40. Kb3 Be8 41. f3 Bf7+ 42. Kb2 exf3 43. Rxf3 Bd5 44. Rff2 g5 45. a4 Rd4 46.
Ka3 f4 47. Rfe2 h5 48. Re8 g4 49. hxg4 hxg4 50. Rh2 f3 51. Rh6+ Kg5 52. Rd6 f2
53. Rf8 Rf7 54. Rxd5+ Rxd5 55. Rxf7 Rxc5 56. Rxf2 Rc3+ 57. Kb2 Rf3 58. Rd2 g3
59. Rd5+ Kf4 60. Rd8 g2 61. Rg8 Rg3 62. Rf8+ Ke5 0-1

[Event "XVI. DBMM Schach"]
[Site "Dresden"]
[Date "2016.11.05"]
[Round "6.3"]
[White "Quast, Michael"]
[Black "Socher, Sabrina"]
[Result "1-0"]
[WhiteElo "1723"]
[BlackElo "1565"]
[Annotator "br"]
[PlyCount "67"]
[EventDate "2016.11.??"]
[SourceTitle "XVI. DBMM 2016"]
[Source "FV Schach e.V."]
[SourceDate "2017.06.14"]
[SourceVersion "1"]
[SourceVersionDate "2017.06.14"]
[SourceQuality "1"]
[WhiteTeam "BA Tempelhof Berlin II"]
[BlackTeam "ADAC Muenchen II"]
[WhiteTeamCountry "GER"]
[BlackTeamCountry "GER"]

1. b3 e5 2. Bb2 Nc6 3. e3 d6 4. Bb5 Bd7 5. Ne2 Nf6 6. O-O Be7 7. f4 e4 8. Ng3
d5 9. c4 a6 10. Bxc6 bxc6 11. Nc3 Be6 12. f5 Bc8 13. Rc1 O-O 14. Nce2 Bd6 15.
Nf4 Re8 16. Nfh5 Nxh5 17. Nxh5 Be5 18. Bxe5 Rxe5 19. f6 g6 20. Ng7 d4 21. Qe1
Qd7 22. Qh4 Qg4 23. Qxg4 Bxg4 24. exd4 Rg5 25. h4 Ra5 26. Rf4 h5 27. a4 Rb8 28.
Rc3 Bf5 29. c5 Rb4 30. Nxf5 gxf5 31. Rxf5 Kf8 32. Rxh5 Ke8 33. d5 cxd5 34. c6
1-0

[Event "XVI. DBMM Schach"]
[Site "Dresden"]
[Date "2016.11.05"]
[Round "6.4"]
[White "Zunk, Olaf"]
[Black "Schneider, Eckehard"]
[Result "0-1"]
[WhiteElo "1347"]
[BlackElo "1811"]
[Annotator "br"]
[PlyCount "58"]
[EventDate "2016.11.??"]
[SourceTitle "XVI. DBMM 2016"]
[Source "FV Schach e.V."]
[SourceDate "2017.06.14"]
[SourceVersion "1"]
[SourceVersionDate "2017.06.14"]
[SourceQuality "1"]
[WhiteTeam "ADAC Muenchen II"]
[BlackTeam "BA Tempelhof Berlin II"]
[WhiteTeamCountry "GER"]
[BlackTeamCountry "GER"]

1. b3 e5 2. Bb2 d6 3. e3 Nf6 4. h3 c5 5. d3 Nc6 6. Nf3 Be7 7. Nbd2 O-O 8. Qe2
a6 9. O-O-O b5 10. Kb1 a5 11. g4 a4 12. Bg2 axb3 13. cxb3 Ra6 14. Ne1 Qa5 15.
a3 Be6 16. Ka2 d5 17. Nc2 c4 18. dxc4 bxc4 19. Bf1 Rfa8 20. e4 c3 21. exd5 Bxd5
22. Nc4 Bxc4 23. Qxc4 cxb2 24. Qb5 Qxb5 25. Bxb5 Rb6 26. Ba4 Ne4 27. Rd7 Nc3+
28. Kxb2 Nxa4+ 29. Ka2 Rxb3 0-1

[Event "XVI. DBMM Schach"]
[Site "Dresden"]
[Date "2016.11.05"]
[Round "6.1"]
[White "Jacobsen, Ruediger"]
[Black "Lau, Peter"]
[Result "1/2-1/2"]
[WhiteElo "1524"]
[BlackElo "1801"]
[Annotator "br"]
[PlyCount "28"]
[EventDate "2016.11.??"]
[SourceTitle "XVI. DBMM 2016"]
[Source "FV Schach e.V."]
[SourceDate "2017.06.14"]
[SourceVersion "1"]
[SourceVersionDate "2017.06.14"]
[SourceQuality "1"]
[WhiteTeam "SG Airbus Bremen"]
[BlackTeam "Sparkassen-Versicherung Stuttgart II"]
[WhiteTeamCountry "GER"]
[BlackTeamCountry "GER"]

1. e4 e6 2. Nc3 d5 3. Nf3 dxe4 4. Nxe4 Nd7 5. Be2 Ngf6 6. Ng3 Be7 7. d4 b6 8.
O-O O-O 9. b3 Bb7 10. Bb2 c5 11. Ne5 cxd4 12. Nxd7 Qxd7 13. Qxd4 Qxd4 14. Bxd4
Rfd8 1/2-1/2

[Event "XVI. DBMM Schach"]
[Site "Dresden"]
[Date "2016.11.05"]
[Round "6.2"]
[White "Wirth, Volker"]
[Black "Mikoteit, Siegfried"]
[Result "1-0"]
[WhiteElo "1717"]
[BlackElo "1288"]
[Annotator "br"]
[PlyCount "67"]
[EventDate "2016.11.??"]
[SourceTitle "XVI. DBMM 2016"]
[Source "FV Schach e.V."]
[SourceDate "2017.06.14"]
[SourceVersion "1"]
[SourceVersionDate "2017.06.14"]
[SourceQuality "1"]
[WhiteTeam "Sparkassen-Versicherung Stuttgart II"]
[BlackTeam "SG Airbus Bremen"]
[WhiteTeamCountry "GER"]
[BlackTeamCountry "GER"]

1. d4 d5 2. c4 e6 3. Nf3 Nf6 4. Nc3 Be7 5. Bg5 c6 6. cxd5 Nxd5 7. Bxe7 Qxe7 8.
e4 Nxc3 9. bxc3 Nd7 10. Bd3 O-O 11. O-O e5 12. Re1 exd4 13. cxd4 h6 14. Rc1 Kh8
15. Bc4 b5 16. Bb3 Bb7 17. e5 Nb6 18. Qd3 Nd5 19. Bc2 g6 20. e6 Nf4 21. Qc3 f6
22. Nh4 f5 23. Qe3 Qxh4 24. Qe5+ Kh7 25. Qc7+ Kh8 26. Qxb7 Qg5 27. Qxc6 Nh3+
28. Kf1 Nf4 29. Qf3 Nh5 30. d5 Qe7 31. Qe3 Rae8 32. Qxh6+ Qh7 33. Qxh7+ Kxh7
34. e7 1-0

[Event "XVI. DBMM Schach"]
[Site "Dresden"]
[Date "2016.11.05"]
[Round "6.3"]
[White "Hueners, Rolf"]
[Black "Brethauer, Tim"]
[Result "0-1"]
[WhiteElo "1400"]
[BlackElo "1641"]
[Annotator "br"]
[PlyCount "90"]
[EventDate "2016.11.??"]
[SourceTitle "XVI. DBMM 2016"]
[Source "FV Schach e.V."]
[SourceDate "2017.06.14"]
[SourceVersion "1"]
[SourceVersionDate "2017.06.14"]
[SourceQuality "1"]
[WhiteTeam "SG Airbus Bremen"]
[BlackTeam "Sparkassen-Versicherung Stuttgart II"]
[WhiteTeamCountry "GER"]
[BlackTeamCountry "GER"]

1. e4 e6 2. c4 d5 3. exd5 exd5 4. d3 dxc4 5. Qa4+ Nc6 6. dxc4 Be6 7. a3 Qd7 8.
Be3 Nf6 9. h3 Be7 10. Nc3 O-O 11. Rd1 Qc8 12. Nf3 Rd8 13. Be2 Rxd1+ 14. Qxd1
Qd8 15. O-O Qd7 16. b4 a6 17. Qb3 Bd6 18. Rd1 Qe7 19. Qb1 Be5 20. Bd4 Nxd4 21.
Nxd4 Bxd4 22. Rxd4 b6 23. a4 c5 24. bxc5 Qxc5 25. Qd1 Qc7 26. Nd5 Bxd5 27. cxd5
Qd6 28. Bf3 b5 29. axb5 axb5 30. Qf1 Rb8 31. Qd3 b4 32. Bd1 Re8 33. Qd2 Rb8 34.
Bb3 Nd7 35. Qf4 Qxf4 36. Rxf4 Nc5 37. Rf3 Nxb3 38. Rxb3 Kf8 39. Kf1 Ke7 40. Ke2
Kd6 41. Kd3 Kxd5 42. Kc2 Kc4 43. Kb2 Re8 44. Re3 Rxe3 45. fxe3 Kd3 0-1

[Event "XVI. DBMM Schach"]
[Site "Dresden"]
[Date "2016.11.05"]
[Round "6.4"]
[White "Dreisbach, Kai"]
[Black "Schroeder, Wilfried"]
[Result "1-0"]
[WhiteElo "1500"]
[BlackElo "1400"]
[Annotator "br"]
[PlyCount "77"]
[EventDate "2016.11.??"]
[SourceTitle "XVI. DBMM 2016"]
[Source "FV Schach e.V."]
[SourceDate "2017.06.14"]
[SourceVersion "1"]
[SourceVersionDate "2017.06.14"]
[SourceQuality "1"]
[WhiteTeam "Sparkassen-Versicherung Stuttgart II"]
[BlackTeam "SG Airbus Bremen"]
[WhiteTeamCountry "GER"]
[BlackTeamCountry "GER"]

1. e4 e5 2. Nf3 Nc6 3. d4 d6 4. dxe5 Bg4 5. Bb5 Nge7 6. exd6 Bxf3 7. gxf3 Qxd6
8. Qxd6 cxd6 9. Nc3 g6 10. Bf4 Bg7 11. Nd5 Nxd5 12. exd5 Kd7 13. dxc6+ bxc6 14.
Bc4 d5 15. Bb3 Rhe8+ 16. Kd2 Bxb2 17. Rae1 Re6 18. Rxe6 fxe6 19. Bh6 a5 20. c3
a4 21. Bd1 a3 22. Bg7 Rb8 23. Be5 Rf8 24. h4 c5 25. Be2 c4 26. Rg1 Rf5 27. f4
Ke7 28. Rg5 Bxc3+ 29. Kxc3 d4+ 30. Kxd4 Rf7 31. h5 Ke8 32. hxg6 Rd7+ 33. Kc3
hxg6 34. Rxg6 Rh7 35. Bxc4 Rh3+ 36. Rg3 Rh2 37. f5 Rxf2 38. Bxe6 Ke7 39. Rg7+
1-0

[Event "XVI. DBMM Schach"]
[Site "Dresden"]
[Date "2016.11.06"]
[Round "7.1"]
[White "Gottschalk, Jens"]
[Black "Maiwald, Jens Uwe"]
[Result "0-1"]
[WhiteElo "2282"]
[BlackElo "2448"]
[Annotator "br"]
[PlyCount "117"]
[EventDate "2016.11.??"]
[SourceTitle "XVI. DBMM 2016"]
[Source "FV Schach e.V."]
[SourceDate "2017.06.14"]
[SourceVersion "1"]
[SourceVersionDate "2017.06.14"]
[SourceQuality "1"]
[WhiteTeam "R + V Versicherung Wiesbaden"]
[BlackTeam "UKA GmbH Meissen"]
[WhiteTeamCountry "GER"]
[BlackTeamCountry "GER"]

1. d4 d6 2. Nf3 g6 3. c4 Bg7 4. g3 Nf6 5. Bg2 O-O 6. Nc3 c6 7. O-O Qa5 8. e4 e5
9. h3 Nbd7 10. Be3 exd4 11. Bxd4 Re8 12. Re1 Qc7 13. Qc2 b6 14. Rad1 Bb7 15. b3
a6 16. Be3 Bf8 17. Bf4 Nh5 18. Be3 b5 19. Qd3 b4 20. Na4 c5 21. Bc1 Nhf6 22.
Nd2 Re6 23. Nf1 Rae8 24. f3 d5 25. cxd5 Nxd5 26. Qd2 N5b6 27. Nxb6 Nxb6 28. Qc2
c4 29. Bf4 Qc5+ 30. Be3 Qb5 31. bxc4 Nxc4 32. Bd4 a5 33. f4 Na3 34. Qf2 Bxe4
35. Bxe4 Rxe4 36. Rxe4 Rxe4 37. Bf6 Qc6 38. Ba1 Re8 39. Qb2 f6 40. Rc1 Bc5+ 41.
Kh2 Qf3 42. Qb3+ Qxb3 43. axb3 Re2+ 44. Kh1 Be7 45. Bd4 Kf7 46. Ne3 Nb5 47. Bb6
Nc3 48. Ra1 a4 49. bxa4 b3 50. Nc4 b2 51. Nxb2 Rxb2 52. Bd4 Rc2 53. a5 Ne4 54.
a6 Nxg3+ 55. Kg1 Ne2+ 56. Kf1 Nxd4 57. a7 Rc8 58. a8=Q Rxa8 59. Rxa8 0-1

[Event "XVI. DBMM Schach"]
[Site "Dresden"]
[Date "2016.11.06"]
[Round "7.2"]
[White "Moehn, Hans"]
[Black "Seidler, Lukas"]
[Result "1-0"]
[WhiteElo "2386"]
[BlackElo "2196"]
[Annotator "br"]
[PlyCount "97"]
[EventDate "2016.11.??"]
[SourceTitle "XVI. DBMM 2016"]
[Source "FV Schach e.V."]
[SourceDate "2017.06.14"]
[SourceVersion "1"]
[SourceVersionDate "2017.06.14"]
[SourceQuality "1"]
[WhiteTeam "UKA GmbH Meissen"]
[BlackTeam "R + V Versicherung Wiesbaden"]
[WhiteTeamCountry "GER"]
[BlackTeamCountry "GER"]

1. d4 Nf6 2. c4 e6 3. Nc3 Bb4 4. e3 c5 5. a3 Bxc3+ 6. bxc3 O-O 7. Bd3 d5 8.
cxd5 exd5 9. Ne2 Nc6 10. O-O c4 11. Bc2 b5 12. f3 a5 13. e4 dxe4 14. fxe4 Nh5
15. Nf4 Nxf4 16. Bxf4 Ra7 17. Qh5 Rb7 18. e5 g6 19. Qf3 Ne7 20. Bg5 Qb6 21. Be4
Nf5 22. g4 Ng7 23. Bf6 Rc7 24. Qf4 Qe6 25. Rab1 b4 26. axb4 a4 27. h3 Bb7 28.
Bxb7 Rxb7 29. Bxg7 Kxg7 30. Qf6+ Kg8 31. Qxe6 fxe6 32. Rxf8+ Kxf8 33. Ra1 Ra7
34. b5 a3 35. b6 Ra6 36. Rxa3 Rxb6 37. Ra8+ Kg7 38. Rc8 Rb2 39. g5 h6 40. Rc7+
Kg8 41. gxh6 Rc2 42. d5 exd5 43. e6 Rxc3 44. Rc8+ Kh7 45. e7 Re3 46. e8=Q Rxe8
47. Rxe8 c3 48. Rc8 d4 49. Rc4 1-0

[Event "XVI. DBMM Schach"]
[Site "Dresden"]
[Date "2016.11.06"]
[Round "7.3"]
[White "Werner, Gregor"]
[Black "Loxine, Jakov"]
[Result "1/2-1/2"]
[WhiteElo "2128"]
[BlackElo "2409"]
[Annotator "br"]
[PlyCount "62"]
[EventDate "2016.11.??"]
[SourceTitle "XVI. DBMM 2016"]
[Source "FV Schach e.V."]
[SourceDate "2017.06.14"]
[SourceVersion "1"]
[SourceVersionDate "2017.06.14"]
[SourceQuality "1"]
[WhiteTeam "R + V Versicherung Wiesbaden"]
[BlackTeam "UKA GmbH Meissen"]
[WhiteTeamCountry "GER"]
[BlackTeamCountry "GER"]

1. d4 Nf6 2. Nf3 e6 3. e3 c5 4. Bd3 Nc6 5. O-O d5 6. b3 Bd6 7. Bb2 O-O 8. Ne5
Qc7 9. Nxc6 bxc6 10. f4 cxd4 11. Bxd4 Qe7 12. Nd2 c5 13. Bxf6 Qxf6 14. e4 Bxf4
15. Kh1 Qh6 16. Nf3 Bb7 17. Qe2 Be3 18. exd5 exd5 19. Ne5 Rae8 20. Ng4 Qe6 21.
Nxe3 Qxe3 22. Qh5 h6 23. Qf5 g6 24. Qf6 Qe5 25. Qh4 Qg5 26. Qf2 d4 27. Bc4 Kg7
28. Rae1 Re3 29. Qxf7+ Rxf7 30. Rxf7+ Kh8 31. Rf8+ Kg7 1/2-1/2

[Event "XVI. DBMM Schach"]
[Site "Dresden"]
[Date "2016.11.06"]
[Round "7.4"]
[White "Hoffmann, Paul"]
[Black "Launert, Martin"]
[Result "1/2-1/2"]
[WhiteElo "2372"]
[BlackElo "1880"]
[Annotator "br"]
[PlyCount "84"]
[EventDate "2016.11.??"]
[SourceTitle "XVI. DBMM 2016"]
[Source "FV Schach e.V."]
[SourceDate "2017.06.14"]
[SourceVersion "1"]
[SourceVersionDate "2017.06.14"]
[SourceQuality "1"]
[WhiteTeam "UKA GmbH Meissen"]
[BlackTeam "R + V Versicherung Wiesbaden"]
[WhiteTeamCountry "GER"]
[BlackTeamCountry "GER"]

1. e4 e5 2. Bc4 Bc5 3. Nf3 Nc6 4. O-O Nf6 5. d3 h6 6. c3 d6 7. a4 a5 8. Nbd2
O-O 9. Re1 Bb6 10. Nf1 Ne7 11. Nh4 d5 12. exd5 Nexd5 13. Nf3 Ng4 14. d4 exd4
15. Nxd4 c6 16. h3 Ngf6 17. Ng3 Bc7 18. Ndf5 Re8 19. Bd2 Rxe1+ 20. Bxe1 Be6 21.
Bd3 Nf4 22. Bc2 Qxd1 23. Rxd1 N4d5 24. Ne2 Re8 25. Ned4 Bc8 26. Bd2 Kf8 27. c4
Nf4 28. Ng3 Ne6 29. Nb3 b6 30. Nf5 Be5 31. Be3 c5 32. Nd2 Bf4 33. Nf3 Bb7 34.
Nd6 Bxf3 35. gxf3 Rd8 36. Nf5 Rxd1+ 37. Bxd1 Be5 38. b3 h5 39. h4 g6 40. Ng3
Ke8 41. Ne2 Kd7 42. Kg2 Ke7 1/2-1/2

[Event "XVI. DBMM Schach"]
[Site "Dresden"]
[Date "2016.11.06"]
[Round "7.2"]
[White "Schuettig, Ruediger"]
[Black "Rietze, Clemens"]
[Result "0-1"]
[WhiteElo "2234"]
[BlackElo "2359"]
[Annotator "br"]
[PlyCount "70"]
[EventDate "2016.11.??"]
[SourceTitle "XVI. DBMM 2016"]
[Source "FV Schach e.V."]
[SourceDate "2017.06.14"]
[SourceVersion "1"]
[SourceVersionDate "2017.06.14"]
[SourceQuality "1"]
[WhiteTeam "Deutsche Bahn/BSW Berlin"]
[BlackTeam "AGI Frankfurt"]
[WhiteTeamCountry "GER"]
[BlackTeamCountry "GER"]

1. d4 Nf6 2. Bf4 d5 3. e3 g6 4. h3 Bg7 5. Nf3 O-O 6. Nbd2 c5 7. c3 Nc6 8. Be2
Nd7 9. O-O Re8 10. Bh2 e5 11. dxe5 Ndxe5 12. Nxe5 Nxe5 13. Nf3 Nc6 14. Rc1 Be6
15. Qd2 h6 16. b4 Qb6 17. bxc5 Qxc5 18. Nd4 Rac8 19. Rb1 Na5 20. Rfc1 Bd7 21.
Bb5 Red8 22. Bf4 Bxb5 23. Rxb5 Qa3 24. Ne2 Rc5 25. Rxc5 Qxc5 26. Rb1 Nc4 27.
Qd3 b5 28. e4 a6 29. Be3 Nxe3 30. fxe3 Re8 31. Rf1 Rxe4 32. Rf3 Rc4 33. Nf4
Rxc3 34. Qxd5 Rc1+ 35. Kh2 Qxd5 0-1

[Event "XVI. DBMM Schach"]
[Site "Dresden"]
[Date "2016.11.06"]
[Round "7.3"]
[White "Guth, Thomas"]
[Black "Woschech, Andreas"]
[Result "0-1"]
[WhiteElo "2301"]
[BlackElo "2197"]
[Annotator "br"]
[PlyCount "172"]
[EventDate "2016.11.??"]
[SourceTitle "XVI. DBMM 2016"]
[Source "FV Schach e.V."]
[SourceDate "2017.06.14"]
[SourceVersion "1"]
[SourceVersionDate "2017.06.14"]
[SourceQuality "1"]
[WhiteTeam "AGI Frankfurt"]
[BlackTeam "Deutsche Bahn/BSW Berlin"]
[WhiteTeamCountry "GER"]
[BlackTeamCountry "GER"]

1. e4 c5 2. Nf3 a6 3. Nc3 Nc6 4. h3 g6 5. a4 Bg7 6. Bc4 d6 7. O-O e6 8. d3 Nge7
9. Ba2 O-O 10. Be3 Nd4 11. Bxd4 cxd4 12. Ne2 Qb6 13. Qd2 Nc6 14. Bc4 Na5 15.
Nexd4 Nxc4 16. dxc4 Qc5 17. b3 b6 18. Qd3 Bb7 19. Rad1 Rac8 20. Rfe1 Rfd8 21.
Ne2 b5 22. cxb5 axb5 23. Ned4 bxa4 24. bxa4 e5 25. Nb5 d5 26. c3 Ra8 27. exd5
Rxa4 28. Nxe5 Rxd5 29. Nd7 Qc8 30. Nb6 Rxd3 31. Nxc8 Re4 32. Ncd6 Rxe1+ 33.
Rxe1 Bc6 34. c4 Bf8 35. Nc8 Kg7 36. Nca7 Bb7 37. Re5 Rd1+ 38. Kh2 Rc1 39. Re8
Rxc4 40. Rb8 Be4 41. Rc8 Rb4 42. Rc3 h5 43. f3 Bb7 44. Rc2 Ba6 45. Nc7 Bd6+ 46.
g3 Bd3 47. Ne8+ Kf8 48. Rd2 Kxe8 49. Rxd3 Rb2+ 50. Kh1 Bxg3 51. Nc6 Kf8 52.
Rd8+ Kg7 53. Rd7 Rb6 54. Kg2 h4 55. Nd8 Rf6 56. Nb7 Be5 57. Nc5 Rc6 58. Ne4 Bf4
59. Rb7 Rc2+ 60. Kg1 Bc7 61. Kf1 f5 62. Nd6 Kh6 63. Nf7+ Kg7 64. Nd6 Kf8 65.
Nb5 Be5 66. Rh7 Kg8 67. Re7 Rc5 68. Rb7 Rc1+ 69. Kg2 Rc2+ 70. Kg1 Bh2+ 71. Kf1
Be5 72. Re7 Rc5 73. Rb7 Kf8 74. Ke2 Rc2+ 75. Ke3 g5 76. Kd3 Rf2 77. Kc4 Rxf3
78. Kd5 Re3 79. Ke6 g4 80. hxg4 fxg4 81. Ra7 h3 82. Kf5 h2 83. Kxg4 Re1 84. Kf5
Bb8 85. Nd4 h1=Q 86. Ne6+ Ke8 0-1

[Event "XVI. DBMM Schach"]
[Site "Dresden"]
[Date "2016.11.06"]
[Round "7.4"]
[White "Kuhne, Detlev"]
[Black "Buescher, Henrik"]
[Result "1-0"]
[WhiteElo "2131"]
[BlackElo "2112"]
[Annotator "fb"]
[PlyCount "107"]
[EventDate "2016.11.??"]
[SourceTitle "XVI. DBMM 2016"]
[Source "FV Schach e.V."]
[SourceDate "2017.06.14"]
[SourceVersion "1"]
[SourceVersionDate "2017.06.14"]
[SourceQuality "1"]
[WhiteTeam "Deutsche Bahn/BSW Berlin"]
[BlackTeam "AGI Frankfurt"]
[WhiteTeamCountry "GER"]
[BlackTeamCountry "GER"]

1. Nf3 d5 2. d4 e6 3. c4 f5 4. Nc3 Nf6 5. g3 c6 6. Bg2 Bd6 7. O-O O-O 8. b3 Qe8
9. Ne5 Nbd7 10. Nd3 Ne4 11. Bb2 Qh5 12. e3 Qh6 13. Qe2 Ndf6 14. Nxe4 fxe4 15.
Ne5 Bxe5 16. dxe5 Nd7 17. f3 exf3 18. Rxf3 Qg6 19. Raf1 Rxf3 20. Qxf3 b6 21.
cxd5 cxd5 22. Qe2 Nc5 23. b4 Ba6 24. b5 Bb7 25. Bd4 Rc8 26. Rc1 h6 27. Bf3 Qg5
28. Bg4 Qe7 29. Bh3 Ne4 30. Rxc8+ Bxc8 31. Qc2 Qf8 32. a4 Bd7 33. Bg2 Nc5 34.
Bf1 Be8 35. a5 Qe7 36. Bxc5 Qxc5 37. Qxc5 bxc5 38. b6 axb6 39. axb6 Bc6 40. Ba6
c4 41. Kf2 Kf7 42. b7 Bxb7 43. Bxb7 Kg6 44. g4 h5 45. h3 hxg4 46. hxg4 Kf7 47.
Ke2 Ke7 48. Kd2 Kd7 49. Kc3 Kc7 50. Ba6 Kd7 51. Bb5+ Ke7 52. Ba4 Kf7 53. Bc2
Ke7 54. Kd4 1-0

[Event "XVI. DBMM Schach"]
[Site "Dresden"]
[Date "2016.11.06"]
[Round "7.1"]
[White "Gohil, Harry"]
[Black "Seger, Ruediger"]
[Result "0-1"]
[WhiteElo "2322"]
[BlackElo "2372"]
[Annotator "br"]
[PlyCount "62"]
[EventDate "2016.11.??"]
[SourceTitle "XVI. DBMM 2016"]
[Source "FV Schach e.V."]
[SourceDate "2017.06.14"]
[SourceVersion "1"]
[SourceVersionDate "2017.06.14"]
[SourceQuality "1"]
[WhiteTeam "Commerzbank Frankfurt"]
[BlackTeam "Deutsche Post Bonn"]
[WhiteTeamCountry "GER"]
[BlackTeamCountry "GER"]

1. d4 Nf6 2. Bg5 e6 3. e4 h6 4. Bxf6 Qxf6 5. c3 d5 6. Nd2 c5 7. Ngf3 Nc6 8. Bb5
Bd7 9. O-O O-O-O 10. Bxc6 Bxc6 11. Ne5 Be8 12. f4 Qe7 13. exd5 Rxd5 14. Nb3 f6
15. Nf3 Qc7 16. Qe2 Bf7 17. Rad1 g5 18. Nxc5 Bxc5 19. dxc5 Qxc5+ 20. Kh1 Rxd1
21. Rxd1 gxf4 22. Nd4 Rd8 23. Rf1 e5 24. Qg4+ Kb8 25. Nf3 Bxa2 26. Qg6 Qf8 27.
h3 Bd5 28. Nh4 Bc6 29. Nf3 a6 30. Kh2 Rd7 31. Qf5 Qg7 0-1

[Event "XVI. DBMM Schach"]
[Site "Dresden"]
[Date "2016.11.06"]
[Round "7.2"]
[White "Stanetzek, Carsten"]
[Black "du Maire, Jerome"]
[Result "1/2-1/2"]
[WhiteElo "2233"]
[BlackElo "2170"]
[Annotator "br"]
[PlyCount "60"]
[EventDate "2016.11.??"]
[SourceTitle "XVI. DBMM 2016"]
[Source "FV Schach e.V."]
[SourceDate "2017.06.14"]
[SourceVersion "1"]
[SourceVersionDate "2017.06.14"]
[SourceQuality "1"]
[WhiteTeam "Deutsche Post Bonn"]
[BlackTeam "Commerzbank Frankfurt"]
[WhiteTeamCountry "GER"]
[BlackTeamCountry "GER"]

1. e4 e6 2. d4 d5 3. exd5 exd5 4. Nf3 Nc6 5. Bd3 Bd6 6. O-O Nge7 7. c3 Bg4 8.
Nbd2 Qd7 9. Re1 O-O-O 10. b4 Ng6 11. b5 Nce7 12. Qa4 Kb8 13. Ne5 Bxe5 14. dxe5
d4 15. c4 Nf4 16. Be4 Ne2+ 17. Kf1 Nc3 18. Qb3 Ng6 19. h3 Bf5 20. Bc6 Qc8 21.
Bf3 Rhe8 22. Bb2 Nxe5 23. Bxc3 dxc3 24. Qxc3 Rd3 25. Qc2 Nxf3 26. Nxf3 f6 27.
Nd4 Bg6 28. Rxe8 Qxe8 29. Nc6+ Ka8 30. Nb4 Rd7 {Rest unleserlich.} 1/2-1/2

[Event "XVI. DBMM Schach"]
[Site "Dresden"]
[Date "2016.11.06"]
[Round "7.3"]
[White "Hummel, Dennis"]
[Black "Dehmel, Jens"]
[Result "1-0"]
[WhiteElo "2029"]
[BlackElo "2075"]
[Annotator "br"]
[PlyCount "59"]
[EventDate "2016.11.??"]
[SourceTitle "XVI. DBMM 2016"]
[Source "FV Schach e.V."]
[SourceDate "2017.06.14"]
[SourceVersion "1"]
[SourceVersionDate "2017.06.14"]
[SourceQuality "1"]
[WhiteTeam "Commerzbank Frankfurt"]
[BlackTeam "Deutsche Post Bonn"]
[WhiteTeamCountry "GER"]
[BlackTeamCountry "GER"]

1. e4 e5 2. Nc3 Nc6 3. g3 Bc5 4. Bg2 a6 5. d3 d6 6. h3 f5 7. Nge2 Nf6 8. O-O
O-O 9. Nd5 Be6 10. Bg5 Qd7 11. Bxf6 gxf6 12. Kh2 Rae8 13. Qd2 Qf7 14. Rae1 Bxd5
15. exd5 Ne7 16. c4 Ng6 17. f4 Kg7 18. b4 Ba7 19. Qc3 Qd7 20. c5 Ne7 21. Qc4
dxc5 22. bxc5 b5 23. cxb6 Bxb6 24. Nc3 Nc8 25. Na4 Qd6 26. Rc1 Rf7 27. Nc5 Kg6
28. Ne6 Rd7 29. fxe5 Qxe5 30. Rxf5 1-0